|
|
|
|
| LEADER |
00657cam a2200205ua 4500 |
| 020 |
|
|
|a 978-0-761-933-243
|
| 082 |
|
|
|a 305.5122
|b CAS
|
| 100 |
|
|
|a Gupta, Dipankar,Ed
|
| 245 |
|
|
|a Caste in question: identity or hierarchy?/
|
| 260 |
|
|
|a New Delhi:
|b Sage,
|c 2004.
|
| 300 |
|
|
|a 255p.;
|
| 490 |
|
|
|a Contributions to Indian sociology occasional studies 12
|
| 650 |
|
|
|a Caste
|
| 650 |
|
|
|a Social classes
|
| 650 |
|
|
|a Group identity
|
| 650 |
|
|
|a Social structure
|
| 650 |
|
|
|a Social stratification
|
| 942 |
|
|
|c BK
|
| 999 |
|
|
|c 45541
|d 45541
|
| 952 |
|
|
|0 0
|1 0
|4 0
|6 305_512200000000000_CAS
|7 0
|9 57522
|a KU
|b KU
|d 2015-07-05
|l 1
|o 305.5122 CAS
|p EN15616
|r 2020-07-21
|s 2020-02-18
|y BK
|